000 00312nam a22001097a 4500
008 160426b xxu||||| |||| 00| 0 eng d
020 _a0801624924
041 _aeng
080 _a618.2
245 _aMaternity care the nursing the family;
_cMargaret Duncan Jensen; Ralph C. Benson; Irene M. Bobak;
942 _2udc
_cBK
999 _c1589
_d1589